Регионална библиотека "Любен Каравелов" - Русе

Педагогическа психология (Запис номер 187031)

MARC детайли
000 -Лидер
Контролно поле с фиксирана дължина 01342nam a2200313 c 4500
003 - Код на организацията, давaща контролен номер
Контролно поле BLK
005 - Дата и час на последна редакция
Контролно поле 20220629152202.0
008 - Елементи от данни с фиксирана дължина
fixed length control field 180411b bul|||||r ||||||| ||bul||
010 ## - Наследен системен номер
LC control number KNG00196035000
040 ## - Източник на каталожния запис
Идентификатор на билиотеката - собственик на записа BLK
041 ## - Код за език
Код за езика на текст/звукозапис или на отделно заглавие Български
Код за езика КДБФ Български
080 ## - УДК
Текстов определител УДК Педагогическа психология
УДК код - определител по УДК 37.015.3
УДК определител (075.8)
УДК - код + определител 37.015.3(075.8)
100 1# - Редна дума - Автор
Автор Пирьов, Генчо Димитров
Авторска отговорност първи автор
R(LIN) 364704
139 ## - Редно поле
Редна дума Пирьов, Генчо Димитров
Авторски знак Пир - П 53
245 10 - Сведения за заглавието
Заглавие Педагогическа психология
Подзаглавни данни Учебник за студентите от Филос.-истор. фак. при СУ Климент Охридски
Редно поле (дума) Генчо Димитров Пирьов.
250 ## - Област на изданието
Сведения за изданието 5. прераб. изд.
257 ## - Страна на издаване
Страна на създаване/издаване България
260 ## - Област на издателските данни
Име на издателя, разпространителя и проч. Наука и изкуство
Година на издаване 1971
Място на издаване, разпространение и проч. София
300 ## - Физическа характеристика
Страници 467 с.
Размери/Мащаб 22 см
380 ## - Жанр
Жанр Обществени науки
500 ## - Общи забележки
Забележка 1. изд. в 2 т. 1948 и 1949. - 8 066 тир. - Библиогр. под линия.
650 #4 - Допълнително описание по предмет – тема
Основно описание – тема или топоним Детска и педагогическа психология - учебници за ВУЗ
9 (RLIN) 242551
653 ## - Ключова дума – ненормативна
Ключова дума педагогическа психология
852 ## - Местоположение
Форматна сигнатура Цб 59350
856 4# - Електронен адрес и достъп
Електронен формат pdf - файл
856 4# - Електронен адрес и достъп
Електронен формат pdf - файл
999 ## - СИСТЕМНИ КОНТРОЛНИ НОМЕРА
Koha biblionumber 187031
Koha biblioitemnumber 187031
942 ## - АРТИКУЛИ
Вид на библиотечния материал Книги
Скрит в OPAC Не
Koha issues (borrowed), all copies 2
Периодичен библиозапис Да
944 ## - СЪЗДАВАНЕ И РЕДАКЦИЯ на ЗАПИСА
Създаване/Редакция Създаване
Дата на регистрацията/редакция 15.11.2016
Служител, извършил регистрацията/редакцията Кети_Илиева
944 ## - СЪЗДАВАНЕ И РЕДАКЦИЯ на ЗАПИСА
Създаване/Редакция Редакция
Дата на регистрацията/редакция 15.11.2016
Служител, извършил регистрацията/редакцията Кети_Илиева
999 ## - СИСТЕМНИ КОНТРОЛНИ НОМЕРА
Koha biblioitemnumber 187031
Наличности
Код за отписване Код за изгубен артикул Източник на класификационната схема Код за повреда Коз за рестрикции Код за отдаване Артикулен № Име на библиотеката - собственик Име на библиотеката, в която се намира в момента Статус (Текущо местоположение) Дата на вписване в системата Местоположение - отдел Цена в лева Инвентарен номер Систематично азбучна сигнатура Баркод Номер на екземпляра Цена в евро Служебна бележка Служебен тип на артикула
  Не е изгубен Universal Decimal Classification Не е повреден само за читалня ползва се в читалня 326223 Регионална библиотека "Любен Каравелов" Русе Регионална библиотека "Любен Каравелов" Русе Хранилище 1971-01-01 Хранилище 1.72 99258 Цб 59350 120000099258 1 0.88 Вид: Сф Дата: 01.01.1971 Книги
Изтеглен Не е изгубен Universal Decimal Classification Не е повреден без рестрикции заемане за дома 326224 Регионална библиотека "Любен Каравелов" Русе Регионална библиотека "Любен Каравелов" Русе Заемна - подръчен фонд 1971-01-01 Заемна - подръчен фонд 1.72 99556 П 37.015.3/П 53 99556 2 0.88 Вид: Сф Дата: 01.01.1971 Дата инв: 08.02.2018 Бележки инв: П2018 Книги
Изтеглен Не е изгубен Universal Decimal Classification Не е повреден без рестрикции заемане за дома 326225 Регионална библиотека "Любен Каравелов" Русе Регионална библиотека "Любен Каравелов" Русе Заемна - подръчен фонд 1971-01-01 Заемна - подръчен фонд 1.72 99557 П 37.015.3/П 53 99557 3 0.88 Вид: Сф Дата: 01.01.1971 Книги
Изтеглен Не е изгубен Universal Decimal Classification Не е повреден без рестрикции заемане за дома 326226 Регионална библиотека "Любен Каравелов" Русе Регионална библиотека "Любен Каравелов" Русе Заемна - подръчен фонд 1971-01-01 Заемна - подръчен фонд 1.72 99558 П 37.015.3/П 53 99558 4 0.88 Вид: Сф Дата: 01.01.1971 Дата инв: 08.02.2018 Бележки инв: П2018 Книги
Изтеглен Не е изгубен Universal Decimal Classification Не е повреден без рестрикции заемане за дома 326227 Регионална библиотека "Любен Каравелов" Русе Регионална библиотека "Любен Каравелов" Русе Заемна - подръчен фонд 1971-01-01 Заемна - подръчен фонд 1.72 99559 П 37.015.3/П 53 99559 5 0.88 Вид: Сф Дата: 01.01.1971 Дата инв: 08.02.2018 Бележки инв: П2018 Книги
Изтеглен Не е изгубен Universal Decimal Classification Не е повреден без рестрикции заемане за дома 326228 Регионална библиотека "Любен Каравелов" Русе Регионална библиотека "Любен Каравелов" Русе Заемна - подръчен фонд 1971-01-01 Заемна - подръчен фонд 1.72 99560 37.015/П 53 Г 99560 6 0.88 Вид: Сф Дата: 01.01.1971 Дата инв: 08.02.2018 Бележки инв: П2018 Книги
Изтеглен Не е изгубен Universal Decimal Classification Не е повреден без рестрикции заемане за дома 326229 Регионална библиотека "Любен Каравелов" Русе Регионална библиотека "Любен Каравелов" Русе Заемна - подръчен фонд 1971-01-01 Заемна - подръчен фонд 1.72 541758 37.015/П 53 Г 541758 7 0.88 Вид: Сф Дата: 01.01.1971 Дата инв: 08.02.2018 Бележки инв: П2018 Книги
Vip Innovations Ltd, Rousse, Bulgaria 2025